000 00471nam a2200181Ia 4500
003 GCL
008 140319s9999 xx 000 0 eng d
040 _aGCL /
_cGCL
082 0 4 _a881
_bA P
100 1 _aADLER, MORTIMER J
245 1 0 _aPLUTARCH /
_cADLER, MORTIMER J
260 _a[S.N] :
_bWILLIAM BENTON ،
_c1980
300 _a897 P
490 _aGREAT BOOKS OF THE WESTERN WORLD
_v0
650 0 4 _aHISTORY, ANCIENT WORLD
650 0 4 _aPLUTARCH
942 _2ddc
_cBK
999 _c19349
_d19349